000 00289nam a22001337a 4500
008 180220b xxu||||| |||| 00| 0 eng d
020 _a2900321819313
041 _aeng
080 _24 ed
_a579
100 _a11
101 _abio
245 _amicrobiology
_crobert.w.b
942 _2udc
_cBK
999 _c42878
_d42878